El Greco o El secreto de Toledo / (Record no. 29979)

MARC details
000 -LEADER
campo de control de longitud fija 00720nam a2200229 i 4500
001 - NÚMERO DE CONTROL
campo de control 29979
003 - IDENTIFICADOR DE NÚMERO DE CONTROL
campo de control ES-MaACL
005 - FECHA Y HORA DE LA ÚLTIMA TRANSACCIÓN
campo de control 20250920063035.0
007 - CAMPO FIJO DE DESCRIPCIÓN FÍSICA--INFORMACIÓN GENERAL
campo de control de longitud fija t|
008 - DATOS DE LONGITUD FIJA--INFORMACIÓN GENERAL
campo de control de longitud fija 030123s1914 sp ||||1| spa d
080 ## - NÚMERO DE LA CLASIFICACIÓN DECIMAL UNIVERSAL
Número de la Clasificación Decimal Universal 929:75 Greco
080 ## - NÚMERO DE LA CLASIFICACIÓN DECIMAL UNIVERSAL
Número de la Clasificación Decimal Universal 913(460.285 T.)
100 1# - ENTRADA PRINCIPAL--NOMBRE DE PERSONA
Nombre de persona Barrès, Maurice,
Fechas asociadas al nombre 1862-1923
9 (RLIN) 25947
245 13 - MENCIÓN DEL TÍTULO
Título El Greco o El secreto de Toledo /
Mención de responsabilidad, etc. Maurice Barrés ; traducción y prólogo de Alberto Insúa.
260 ## - PUBLICACIÓN, DISTRIBUCIÓN, ETC.
Lugar de publicación, distribución, etc. Madrid :
Nombre del editor, distribuidor, etc. Renacimiento,
Fecha de publicación, distribución, etc. 1914.
300 ## - DESCRIPCIÓN FÍSICA
Extensión 214 p., [15] h. de lám. ;
Dimensiones 19 cm.
600 04 - PUNTO DE ACCESO ADICIONAL DE MATERIA--NOMBRE DE PERSONA
Nombre de persona El Greco.
9 (RLIN) 46893
651 #4 - PUNTO DE ACCESO ADICIONAL DE MATERIA--NOMBRE GEOGRÁFICO
Nombre geográfico Toledo-
Subdivisión general Descripción.
9 (RLIN) 9441
700 1# - ENTRADA AGREGADA--NOMBRE PERSONAL
Nombre de persona Insúa, Alberto,
Fechas asociadas al nombre 1885-1963
9 (RLIN) 65346
852 4# - LOCALIZACIÓN
Ubicación ES-MaACL
Número de control de estantería A-3934
Holdings
Estatus retirado Estado de pérdida Estado de daño No para préstamo Biblioteca de origen Biblioteca actual Ubicación en estantería Fecha de adquisición Fuente de adquisición Total de préstamos Signatura topográfica completa Código de barras Visto por última vez Precio de reemplazo Tipo de ítem Koha
        Biblioteca del Ateneo de Madrid Biblioteca del Ateneo de Madrid Sala Pecera Planta 1 17/01/2008     A-3934 1030951 23/02/2023 23/02/2023 Libro impreso